00479nam a2200157 a 4500008004100000020001500041050001200056100002100068245010200089260003200191300002000223350000900243650002000252650002600272700002300298120416s1997 ||||||||||||||||| || u a1557755981 aIMF(02) aZamalloa, Lorena10aInstruments of monetary management: issues and country experiences cedited by Tomas J. T. Balino aWashington, D.C.bIMFc1997 ax, 298p. : ill. a0.00 aMONETARY POLICY aFinancial instruments aBalino, Tomas J. T